000 00587nam a22001697a 4500
003 OSt
005 20260601193901.0
008 260507b1969 mx |||| |||| 00| 0 spa d
040 _aICI
_bspa
_cICI
050 _aHD85
_bM47
245 0 _aMéxico ; el dilema del desarrollo :
_bDemocracia o autoritarismo /
_cPor Jorge Cortés Obregón y otros
260 _aMéxico :
_bAcademia Mexicana de ciencias humanas,
_c1969
300 _a31 páginas
650 4 _aDesarrollo económico
_vDiscursos, ensayos, conferencias
_933910
651 4 _aMéxico
_xPolítica económica
_910395
942 _2lcc
_cB
_n1
999 _c22243
_d22243